MDQL
is popping MORE tags! Check the
thread
!
Quizzes
Events
Quiz Creation
Community
Videos
Private Events
Remove Ads
Sign In
Join for FREE
Feedback
Dark Mode
Quiz Categories
Sports
Geography
Music
Movies
Television
Just For Fun
Miscellaneous
History
Literature
Language
Science
Gaming
Entertainment
Religion
Holiday
For Kids
Quiz Lab
Recent
Popular Today
Quiz Kudos Today
Editor Picks
Curator Picks
Quizzes by...
Day
Popularity
Type
Ratings
Length
Year
Community
Subscriptions
Recent Discussions
Orange Saloon
Badges
Playlists
Quests
Create
Leaderboards
Showdown
Live 5
Trivia Bingo
Activity
Puzzle Library
Sporcle Events
Private Events
Virtual Trivia
Globe League
Become a Host
Pub Owners
SporcleCon
Opinionation
Our Games
Videos
Blog
Mobile Apps
Partnerships
Remove Ads and Go Orange
Feedback
Television
TV Characters
TV Show
Sitcom
Network
Friends
Reality Shows
Cast
South Park
Star Trek
The Simpsons
Doctor Who
Television
TV Characters
TV Show
Sitcom
Network
Friends
Reality Shows
Cast
South Park
Star Trek
The Simpsons
Doctor Who
Random Quiz
Search Sporcle
×
Quiz Lab
Quiz Lab
Television
last
Type in answers that appear in a list
Type in answers that appear in a list
Classic
Best Score? Go Orange.
BAFTA TV Awards - Last Ten Years Stats
Can you name the winners of various BAFTA TV awards in the last ten years?
By
JensonsBeard
15m
100 Questions
308 Plays
308 Plays
308 Plays
Comments
Comments
Give Quiz Kudos
Give Quiz Kudos
-
- Ratings
hide this ad
Replay
Link that replays current quiz
Next Quiz
Link to next quiz in quiz playlist
You Got
0%
They Got
Avg Score
27%
Avg Friend Score
Upgrade to see
Score Distribution
Jump to the score distribution portion of the page
Score
0/100
Timer
15:00
0
Plays Today
Award
Winner
% Correct
Best Soap Opera
Eastenders
83.8%
Best Soap Opera
Eastenders
83.8%
Best Soap Opera
Eastenders
83.8%
Best Soap Opera
Coronation Street
78.6%
Best Soap Opera
Coronation Street
78.6%
Best Soap Opera
Coronation Street
78.6%
Best Soap Opera
Emmerdale
68.2%
Best Situation Comedy
The Office
64.9%
Best Situation Comedy
The Office
64.9%
Best Situation Comedy
The Office (Christmas Specials)
64.9%
Best Soap Opera
Casualty
50.6%
Best Comedy Performance
Ricky Gervais (The Office)
49.7%
Best Comedy Performance
Ricky Gervais (The Office)
49.7%
Best Comedy Performance
Ricky Gervais (The Office)
49.7%
Best Comedy Performance
Ricky Gervais (Extras)
49.7%
Best Soap Opera
Holby City
49.4%
Best Entertainment Programme
The X Factor
44.8%
Best Entertainment Programme
The X Factor
44.8%
Best Entertainment Programme
The X Factor
44.8%
Best Situation Comedy
Peep Show
41.2%
Best Drama Series
Doctor Who
40.3%
Best Entertainment Performance
Graham Norton (So Graham Norton)
40.3%
Best Entertainment Performance
Graham Norton (So Graham Norton)
40.3%
Best Entertainment Performance
Graham Norton (So Graham Norton)
40.3%
Best Soap Opera
The Bill
35.7%
Best Actress
Julie Walters (My Beautiful Son)
32.5%
Best Actress
Julie Walters (Murder)
32.5%
Best Actress
Julie Walters (The Canterbury Tales)
32.5%
Best Actress
Judi Dench (Last Of The Blonde Bombshells)
31.2%
Best Actor
Michael Gambon (Wives & Daughters)
30.8%
Best Actor
Michael Gambon (Perfect Strangers)
30.8%
Best Actor
Michael Gambon (Longitude)
30.8%
Best Sports Broadcast
Sydney Olympics 2000 (BBC)
30.2%
Best Sports Broadcast
Olympics 2004: Matthew Pinsent's Gold Medal
30.2%
Award
Winner
% Correct
Best Entertainment Programme
So Graham Norton
28.6%
Best Situation Comedy
Black Books
28.6%
Best Situation Comedy
Black Books
28.6%
Best Entertainment Programme
Pop Idol
28.2%
Best Situation Comedy
The Royle Family
27.9%
Best Situation Comedy
The Royle Family
27.9%
Best Comedy Performance
David Mitchell (Peep Show)
27.6%
Best Entertainment Performance
Jonathan Ross (Friday Night With Jonathan Ross)
27.6%
Best Entertainment Performance
Jonathan Ross (Friday Night With Jonathan Ross)
27.6%
Best Entertainment Performance
Jonathan Ross (Friday Night With Jonathan Ross)
27.6%
Best Situation Comedy
The IT Crowd
26.6%
Best Drama Series
Spooks
26%
Best Situation Comedy
The Thick Of It
26%
Best Comedy (Programme or Series)
Little Britain
25%
Best Comedy (Programme or Series)
Little Britain
25%
Best Sports Broadcast
The Ashes: England Vs Australia (Channel 4)
22.7%
Best Entertainment Programme
I'm A Celebrity, Get Me Out Of Here!
22.1%
Best Entertainment Programme
I'm A Celebrity, Get Me Out Of Here!
22.1%
Best Actor
Jim Broadbent (Longford)
20.8%
Best Sports Broadcast
F1: Hungarian Grand Prix - Jenson Button's First Win (ITV)
20.8%
Best Sports Broadcast
F1: Canadian Grand Prix - Lewis Hamilton's First Win (ITV)
20.8%
Best Sports Broadcast
F1: Brazilian Grand Prix - Hamilton Wins Title (ITV)
20.8%
Best Entertainment Performance
Harry Hill (Harry Hill's TV Burp)
20.1%
Best Entertainment Performance
Harry Hill (Harry Hill's TV Burp)
20.1%
Best Drama Series
Shameless
19.5%
Best Entertainment Programme
Friday Night With Jonathan Ross
18.5%
Best Comedy Performance
Matt Lucas & David Walliams (Little Britain)
18.2%
Best Actress
Victoria Wood (Housewife, 49)
17.5%
Best Drama Series
The Street
17.2%
Best Drama Series
The Street
17.2%
Best Actress
Anna Maxwell Martin (Bleak House)
16.6%
Best Actress
Anna Maxwell Martin (Poppy Shakespeare)
16.6%
Best Comedy Performance
James Corden (Gavin & Stacey)
16.2%
Best Actor
Bill Nighy (State Of Play)
15.6%
Award
Winner
% Correct
Best Sports Broadcast
Rugby World Cup Final (ITV)
15.3%
Best Actor
Andrew Garfield (Boy A)
14.6%
Best Actress
Eileen Atkins (Cranford)
14.3%
Best Drama Series
Cold Feet
12.3%
Best Actor
Albert Finney (The Gathering Storm)
12%
Best Actor
Mark Rylance (The Government Inspector)
12%
Best Actor
Stephen Dillane (The Shooting Of Thomas Hurndall)
12%
Best Drama Series
Clocking Off
12%
Best Comedy (Programme or Series)
That Mitchell and Webb Look
10.4%
Best Entertainment Performance
Paul O'Grady (The Paul O'Grady Show)
10.4%
Best Actor
Rhys Ifans (Not Only But Always)
9.4%
Best Comedy Performance
Caroline Aherne (The Royle Family)
9.4%
Best Entertainment Programme
Harry Hill's TV Burp
9.4%
Best Comedy Performance
Chris Langham (The Thick Of It)
9.1%
Best Drama Series
Wallander
8.4%
Best Entertainment Performance
Paul Merton (Have I Got News For You)
7.5%
Best Actress
Thora Hird (Lost For Words)
6.5%
Best Sports Broadcast
Commonwealth Games (BBC)
6.5%
Best Comedy (Programme or Series)
Da Ali G Show
5.5%
Best Comedy Performance
Sacha Baron Cohen (Da Ali G Show)
5.2%
Best Sports Broadcast
Test Cricket (Channel 4)
5.2%
Best Sports Broadcast
Channel 4 Cricket
5.2%
Best Comedy (Programme or Series)
The League Of Gentlemen
4.9%
Best Comedy (Programme or Series)
Harry and Paul
4.5%
Best Drama Series
Buried
3.6%
Best Entertainment Programme
Robbie The Reindeer
3.2%
Best Drama Series
The Cops
2.9%
Best Comedy (Programme or Series)
Alistair McGowan's Big Impression
2.6%
Best Actress
Anamaria Marinca (Sex Traffic)
2.3%
Best Comedy (Programme or Series)
The Sketch Show
2.3%
Best Comedy (Programme or Series)
Fonejacker
1.6%
Best Comedy (Programme or Series)
Help
1.3%
Quiz Playlist
Details
Report
Send in Message
Add To Playlist
Classic:
Type in answers that appear in a list
Quiz Source
Last Updated: Feb 16, 2017
Quiz Scoreboard
CHALLENGE
Sign Up to Join the Scoreboard
Show All
Scores
Hide
Comments
May contain spoilers
Recently Published
5x2 Blitz: Bands
by SL_Kpop136
Music
30s
Colored Red Africa Blitz
by spor1
Geography
30s
Find the 'City' Movie
by crazypaving
Movies
60s
More to Explore
Quiz From the Vault
Featured Blog Post
14 Easter Pick-up Lines to Find Eggs With
hide this ad
You Might Also Like...
Tags
Award
bafta
last
ten
Winner
Today's Top Quizzes in Television
Browse Television
hide this ad
Today's Top Quizzes in last
Browse last
Top Contributed Quizzes in Television
1
Survivor Journey Challenge
2
Survivor Logic Puzzle: Heroes vs. Villains
3
One Tree Hill Logic Puzzle
4
Phoebe Buffay Quotes
5
Game of Thrones: Tywin Lannister Start to Finish
6
Brooklyn Nine Nine Logic Puzzle (How-To-Play)
7
A Series of Unfortunate Events: Netflix Character Chain
8
All US Survivor Seasons in Order
9
Survivor: Criteria Castaways
10
A Series of Unfortunate Events: S3 Character Chain
Explore More
Trending Topics
Kpop
Disney
Crossword
Harry Potter
NBA
Anime
Marvel
Song
The Office
WWE
NFL
Pokémon
Soccer
Puzzle
Country
hide this ad
More By:
JensonsBeard
Quiz
Plays
Rating
Category
Featured
Created
F1 Top 3 Drivers By Year
62,866
4.59
Sports
Apr 7, 2010
100 Greatest Formula One Drivers
6,225
4.42
Sports
Mar 5, 2010
Karl Pilkington's Rockbusters
6,006
4.59
Music
Sep 25, 2009
The Noughties In F1
5,919
4.12
Sports
Sep 12, 2010
Figure Out The Lyrics (D)
4,969
2.52
Music
Dec 7, 2009
Go to Creator's Profile
Score Distribution
Quiz Creator Spotlight
JensonsBeard
Follow
Send a Message
Quizzes Created
-
Created Quiz Play Count
-
More By This Creator
Popular Quizzes Today
1
Find the 'City' Movie
2
5x2 Blitz: Bands
3
Colored Red Africa Blitz
4
The Countries of the World
5
Find the US States - No Outlines Minefield
6
Find the US States
7
9x9 Crossword: Cartoon Network
8
US States
More Television Quizzes
TV Children: When Were They Born?
Editor's Pick
Trending Quizzes
Colored Red Africa Blitz II
Colored Red Europe Blitz I
Colored Red Africa Blitz III
Colored Red Europe Blitz II
Colored Red Europe Blitz III
Recently Updated
Champions League XIs: Real Madrid
pecheneg
Largest US Cities 1790-2010
pecheneg
Rides in Walt Disney World
pecheneg
Most Oscar Losses (Acting)
pecheneg
Beyoncé Albums
pecheneg
Leaping Animals
pecheneg
Reality TV Shows (A-Z)
bhenderson79
Rickey Henderson's Hall of Fame Teammates
pecheneg
Champions League XIs: Arsenal
pecheneg
Quick Pick: Celebrities in WWE's Hall of Fame
aduchscher
Trending Topics
Disney
Marvel
Harry Potter
Crossword
NBA
Kpop
Anime
The Office
Soccer
Pokémon
Song
Country
Puzzle
WWE
NFL
Your Account Isn't Verified!
In order to create a playlist on Sporcle, you need to verify the email address you used during registration. Go to your
Sporcle Settings
to finish the process.
Report this User
Report this user for behavior that violates our
Community Guidelines
.
Details:
Send Report
Go to the Sporcle.com Mobile Site →
Comments